[Event "HUN-ch Rapid"]
[Site "Ajka"]
[Date "2023.07.23"]
[Round "11"]
[White "Vertetics, Attila"]
[Black "Miszler, Levente"]
[Result "0-1"]
[WhiteElo "2457"]
[BlackElo "2301"]
[PlyCount "108"]
[EventDate "2023.07.21"]
[EventType "swiss (rapid)"]
[EventRounds "13"]
[EventCountry "HUN"]
[SourceTitle "CBM 215 Extra"]
[Source "ChessBase"]
[SourceDate "2023.09.30"]
[SourceVersion "1"]
[SourceVersionDate "2023.09.30"]
[SourceQuality "1"]

1. d4 d5 2. c4 dxc4 3. Nf3 Nf6 4. e3 Bg4 5. Bxc4 e6 6. Nc3 Nbd7 7. h3 Bh5 8. g4 Bg6 9. Nh4 Bd6 10. Nxg6 hxg6 11. Bf1 e5 12. dxe5 Nxe5 13. Bg2 c6 14. g5 Nh5 15. f4 Nc4 16. Qd3 Nb6 17. Kf2 Qc7 18. Qe4+ Kd7 19. h4 Rae8 20. Bh3+ Kd8 21. Qd3 Qe7 22. a4 Kc7 23. a5 Nd7 24. Bg2 Qe6 25. Bh3 Qe7 26. Qc4 Kb8 27. Rd1 Nxf4 28. exf4 Rxh4 29. Bg2 Bc5+ 30. Kg3 Ne5 31. Qe2 Rg4+ 32. Qxg4 Bf2+ 33. Kxf2 Nxg4+ 34. Kf3 f5 35. gxf6 Nxf6 36. Ra4 Qc5 37. Rh1 Nd5 38. Re4 Rf8 39. Re5 Qd4 40. Rxd5 cxd5 41. Rd1 Qc4 42. Rxd5 g5 43. Rxg5 Qd3+ 44. Kg4 Qc2 45. Kg3 Qxc1 46. Nd5 Qxb2 47. Bf3 Re8 48. Rh5 Qd4 49. a6 bxa6 50. Rh1 Qb2 51. Rd1 a5 52. Rd3 a4 53. Ne3 Rxe3 54. Rxe3 a3 0-1

[Event "HUN-ch Rapid"]
[Site "Ajka"]
[Date "2023.07.22"]
[Round "5"]
[White "Vertetics, Attila"]
[Black "Unuk, Laura"]
[Result "0-1"]
[WhiteElo "2457"]
[BlackElo "2320"]
[PlyCount "60"]
[EventDate "2023.07.21"]
[EventType "swiss (rapid)"]
[EventRounds "13"]
[EventCountry "HUN"]
[SourceTitle "CBM 215 Extra"]
[Source "ChessBase"]
[SourceDate "2023.09.30"]
[SourceVersion "1"]
[SourceVersionDate "2023.09.30"]
[SourceQuality "1"]

1. Nf3 d5 2. g3 g6 3. Bg2 Bg7 4. 0-0 Nd7 5. c4 dxc4 6. Na3 e5 7. Nxc4 e4 8. Ne1 Ngf6 9. d3 Qe7 10. Bf4 Nc5 11. d4 Ne6 12. Be5 0-0 13. Qb3 Rd8 14. Nc2 c5 15. Qa3 Bf8 16. Nb6 axb6 17. Qxa8 Nxd4 18. Bxf6 Nxe2+ 19. Kh1 Qxf6 20. Qa3 Rd3 21. Qa8 Bg4 22. Qxb7 Bf3 23. Ne1 Bxg2+ 24. Nxg2 Qf3 25. Rae1 h5 26. h4 Rd2 27. Qc7 Bd6 28. Qd8+ Kg7 29. Rxe2 Qxe2 30. Ne3 Bf4 0-1

[Event "HUN-ch Rapid"]
[Site "Ajka"]
[Date "2023.07.21"]
[Round "4"]
[White "Praggnanandhaa, Rameshbabu"]
[Black "Vertetics, Attila"]
[Result "1-0"]
[WhiteElo "2690"]
[BlackElo "2457"]
[PlyCount "55"]
[EventDate "2023.07.21"]
[EventType "swiss (rapid)"]
[EventRounds "13"]
[EventCountry "HUN"]
[SourceTitle "CBM 215 Extra"]
[Source "ChessBase"]
[SourceDate "2023.09.30"]
[SourceVersion "1"]
[SourceVersionDate "2023.09.30"]
[SourceQuality "1"]

1. Nf3 d5 2. g3 c6 3. Bg2 Bg4 4. h3 Bxf3 5. Bxf3 e5 6. d3 Nf6 7. 0-0 Nbd7 8. e4 dxe4 9. dxe4 Qc7 10. Nd2 Be7 11. a4 a5 12. Nc4 0-0 13. Bd2 Rfd8 14. Qe2 Ne8 15. Rfd1 Nd6 16. Nxd6 Bxd6 17. Bg5 f6 18. Qc4+ Kh8 19. Be3 b6 20. Bg4 Nc5 21. c3 Nb7 22. b4 axb4 23. cxb4 c5 24. Rdc1 Qe7 25. a5 bxa5 26. bxc5 Bc7 27. Rab1 Rdb8 28. Rd1 1-0

[Event "HUN-ch Rapid"]
[Site "Ajka"]
[Date "2023.07.21"]
[Round "3"]
[White "Vertetics, Attila"]
[Black "Tubak, Daniel"]
[Result "1-0"]
[WhiteElo "2457"]
[BlackElo "2205"]
[PlyCount "125"]
[EventDate "2023.07.21"]
[EventType "swiss (rapid)"]
[EventRounds "13"]
[EventCountry "HUN"]
[SourceTitle "CBM 215 Extra"]
[Source "ChessBase"]
[SourceDate "2023.09.30"]
[SourceVersion "1"]
[SourceVersionDate "2023.09.30"]
[SourceQuality "1"]

1. d4 Nf6 2. Bg5 Ne4 3. Bf4 c5 4. f3 Qa5+ 5. c3 Nf6 6. Nd2 cxd4 7. Nb3 Qb6 8. Qxd4 Qxd4 9. cxd4 d6 10. e4 Nbd7 11. Be3 g6 12. Ne2 Nb6 13. Nc3 Bd7 14. Na5 Rb8 15. Rc1 Bg7 16. Kd2 0-0 17. b3 Rfc8 18. Bd3 Na8 19. Nxb7 Rxb7 20. Ba6 Rbc7 21. Bxc8 Rxc8 22. Ne2 Rb8 23. d5 a6 24. Nd4 Kf8 25. Nc6 Rb7 26. Rc4 Ne8 27. Rhc1 Nec7 28. Na5 Rb5 29. Nc6 Ke8 30. Na7 Rb7 31. R1c2 e6 32. dxe6 Bxe6 33. Ra4 Kd7 34. Nc6 d5 35. Nd4 dxe4 36. Nxe6 Nxe6 37. Rxa6 Nac7 38. Ra7 Rxa7 39. Bxa7 exf3 40. gxf3 Nd5 41. Rc4 Nd8 42. Bd4 Bh6+ 43. Ke2 Nc6 44. Bf2 Kc7 45. Rh4 Bf4 46. Rxh7 Nd8 47. a4 Nf6 48. Rh8 Ne6 49. a5 Kb7 50. Kd3 Ka6 51. b4 Kb5 52. Be1 Bd6 53. h4 Nf4+ 54. Kc2 N4d5 55. Kb3 Ne3 56. Rd8 Nf5 57. Bf2 Bc7 58. Ra8 Nd5 59. Rf8 Nxb4 60. Rxf7 Bxa5 61. h5 Nd5 62. hxg6 Nde7 63. g7 1-0

[Event "HUN-ch Rapid"]
[Site "Ajka"]
[Date "2022.07.17"]
[Round "11"]
[White "Vertetics, Attila"]
[Black "Kovacs, Klara"]
[Result "1/2-1/2"]
[WhiteElo "2465"]
[BlackElo "2098"]
[PlyCount "87"]
[EventDate "2022.07.15"]
[EventType "swiss (rapid)"]
[EventRounds "13"]
[EventCountry "HUN"]
[SourceTitle "CBM 209 Extra"]
[Source "ChessBase"]
[SourceDate "2022.09.30"]
[SourceVersion "1"]
[SourceVersionDate "2022.09.30"]
[SourceQuality "1"]

1. d4 Nf6 2. c4 e6 3. Nf3 d5 4. e3 Be7 5. Nc3 0-0 6. Bd3 dxc4 7. Bxc4 c5 8. 0-0 cxd4 9. Nxd4 e5 10. Nb3 Qc7 11. Qe2 e4 12. Nb5 Qe5 13. f4 exf3 14. Qxf3 a6 15. N5d4 Bd6 16. Qf4 Qe7 17. Qh4 b5 18. Bd3 Re8 19. Nf5 Bxf5 20. Bxf5 Nc6 21. e4 Qa7+ 22. Kh1 Ne7 23. Bf4 Nxf5 24. exf5 Re4 25. Rad1 Be5 26. Rde1 Rxe1 27. Qxe1 Bxf4 28. Rxf4 Re8 29. Qd2 Qd7 30. h3 Qc7 31. Kg1 h6 32. Rd4 Qe5 33. Qf4 Qe1+ 34. Qf1 Qe3+ 35. Qf2 Qg5 36. Qf4 Qh5 37. Rd2 Ne4 38. Rd4 Qe2 39. Nd2 Qe1+ 40. Nf1 h5 41. Qe3 Qb1 42. Qd3 Qe1 43. Qe3 Qb1 44. Qd3 1/2-1/2

[Event "HUN-ch Rapid"]
[Site "Ajka"]
[Date "2022.07.15"]
[Round "4"]
[White "Leviczki, Tibor"]
[Black "Vertetics, Attila"]
[Result "1/2-1/2"]
[WhiteElo "2281"]
[BlackElo "2465"]
[PlyCount "36"]
[EventDate "2022.07.15"]
[EventType "swiss (rapid)"]
[EventRounds "13"]
[EventCountry "HUN"]
[SourceTitle "CBM 209 Extra"]
[Source "ChessBase"]
[SourceDate "2022.09.30"]
[SourceVersion "1"]
[SourceVersionDate "2022.09.30"]
[SourceQuality "1"]

1. d4 Nf6 2. c4 e6 3. Nc3 Bb4 4. e3 c5 5. Bd3 Nc6 6. Nge2 d5 7. 0-0 dxc4 8. Bxc4 cxd4 9. exd4 0-0 10. Bg5 Be7 11. a3 b6 12. Qd3 Bb7 13. Rad1 Nd5 14. Bxd5 exd5 15. Bxe7 Nxe7 16. Nf4 Ng6 17. Nxg6 hxg6 18. Rfe1 Re8 1/2-1/2

[Event "HUN-ch Rapid"]
[Site "Ajka"]
[Date "2022.07.15"]
[Round "3"]
[White "Vertetics, Attila"]
[Black "Margl, Roland"]
[Result "1/2-1/2"]
[WhiteElo "2465"]
[BlackElo "2312"]
[PlyCount "150"]
[EventDate "2022.07.15"]
[EventType "swiss (rapid)"]
[EventRounds "13"]
[EventCountry "HUN"]
[SourceTitle "CBM 209 Extra"]
[Source "ChessBase"]
[SourceDate "2022.09.30"]
[SourceVersion "1"]
[SourceVersionDate "2022.09.30"]
[SourceQuality "1"]

1. d4 d5 2. Nf3 Nf6 3. c4 e6 4. e3 b6 5. Nc3 Bb7 6. Bd3 Nbd7 7. 0-0 Bd6 8. Qe2 0-0 9. e4 dxe4 10. Nxe4 Nxe4 11. Bxe4 Bxe4 12. Qxe4 c5 13. Rd1 Nf6 14. Qh4 cxd4 15. Nxd4 Be7 16. Qf4 Qc8 17. b3 Rd8 18. Be3 Qb7 19. Nb5 Rd7 20. Rxd7 Qxd7 21. Qd4 Qb7 22. Rd1 h6 23. Qe5 Ng4 24. Qf4 Nxe3 25. Qxe3 Bc5 26. Qe5 Rc8 27. Nc3 Be7 28. Qe4 Qxe4 29. Nxe4 Rc7 30. Kf1 f5 31. Nc3 a6 32. Ne2 Kf7 33. Nd4 Rd7 34. Ke2 Bc5 35. Nc2 Rxd1 36. Kxd1 Bxf2 37. Ke2 Bg1 38. h3 a5 39. a3 Bc5 40. b4 axb4 41. axb4 Bd6 42. Kd3 Be5 43. c5 bxc5 44. bxc5 Ke7 45. Kc4 g5 46. g4 Kd7 47. Kb5 f4 48. Kc4 Bc7 49. Ne1 Kc6 50. Nf3 e5 51. Nd2 Bd8 52. Kd3 Kd5 53. c6 Kxc6 54. Ke4 Bc7 55. Nf3 Kc5 56. h4 gxh4 57. Nxh4 Bd8 58. Nf5 Bg5 59. Kxe5 f3 60. Ke4 f2 61. Ng3 Bh4 62. Nf1 Kd6 63. Ne3 Kc5 64. Kf3 Kd4 65. Ke2 Ke4 66. Nd1 Kf4 67. Nxf2 Bxf2 68. Kxf2 Kxg4 69. Kg2 h5 70. Kh2 h4 71. Kg2 h3+ 72. Kh2 Kh4 73. Kh1 Kg3 74. Kg1 h2+ 75. Kh1 Kh3 1/2-1/2

[Event "Mosonmagyarovar White Horse GM"]
[Site "Mosonmagyarovar"]
[Date "2021.09.28"]
[Round "6"]
[White "Vertetics, Attila"]
[Black "Harsha, Bharathakoti"]
[Result "1-0"]
[WhiteElo "2449"]
[BlackElo "2509"]
[PlyCount "79"]
[EventDate "2021.09.24"]
[EventType "tourn"]
[EventRounds "9"]
[EventCountry "HUN"]
[EventCategory "6"]
[SourceTitle "CBM 204 Extra"]
[Source "ChessBase"]
[SourceDate "2021.11.30"]
[SourceVersion "1"]
[SourceVersionDate "2021.11.30"]
[SourceQuality "1"]

1. Nf3 d5 2. e3 c5 3. b3 Nc6 4. Bb5 Bd7 5. Bb2 Nf6 6. 0-0 e6 7. Bxc6 Bxc6 8. Ne5 Qc7 9. d3 Bd6 10. Nxc6 Bxh2+ 11. Kh1 Bd6 12. Nxa7 Rxa7 13. Nc3 Qd7 14. a4 Ra6 15. Nb5 Be7 16. Be5 0-0 17. e4 Ne8 18. f3 Nd6 19. c4 f5 20. Qe2 Nf7 21. Bh2 Bd8 22. Rad1 d4 23. g4 f4 24. e5 Ng5 25. Bg1 h5 26. gxh5 Rf5 27. Nd6 Rxd6 28. exd6 Ba5 29. Rf2 Qxd6 30. Rh2 Nf7 31. Bf2 Re5 32. Qf1 Qc6 33. Bh4 Re3 34. Rh3 Ne5 35. Kg2 Qb6 36. h6 Qxb3 37. hxg7 Kxg7 38. Kh1 Nxd3 39. Qg2+ Kf7 40. Rg1 1-0

[Event "Mosonmagyarovar White Horse GM"]
[Site "Mosonmagyarovar"]
[Date "2021.09.26"]
[Round "3"]
[White "Vertetics, Attila"]
[Black "Raja, Rithvik R"]
[Result "1/2-1/2"]
[WhiteElo "2449"]
[BlackElo "2483"]
[PlyCount "34"]
[EventDate "2021.09.24"]
[EventType "tourn"]
[EventRounds "9"]
[EventCountry "HUN"]
[EventCategory "6"]
[SourceTitle "CBM 204 Extra"]
[Source "ChessBase"]
[SourceDate "2021.11.30"]
[SourceVersion "1"]
[SourceVersionDate "2021.11.30"]
[SourceQuality "1"]

1. d4 Nf6 2. c4 e6 3. Nf3 d5 4. Nc3 Bb4 5. Qa4+ Nc6 6. cxd5 exd5 7. Bg5 h6 8. Bxf6 Qxf6 9. e3 0-0 10. Rc1 Qg6 11. Qd1 Rd8 12. h3 Ne7 13. a3 Bd6 14. Nb5 c6 15. Nxd6 Qxd6 16. Bd3 Bf5 17. 0-0 Re8 1/2-1/2

[Event "HUN-ch rapid"]
[Site "Ajka"]
[Date "2019.07.20"]
[Round "7"]
[White "Aczel, Gergely"]
[Black "Vertetics, Attila"]
[Result "1/2-1/2"]
[WhiteElo "2540"]
[BlackElo "2438"]
[PlyCount "89"]
[EventDate "2019.07.19"]
[EventType "swiss (rapid)"]
[EventRounds "13"]
[EventCountry "HUN"]
[SourceTitle "CBM 191 Extra"]
[Source "ChessBase"]
[SourceDate "2019.09.30"]
[SourceVersion "1"]
[SourceVersionDate "2019.09.30"]
[SourceQuality "1"]

1. d4 Nf6 2. c4 e6 3. Nc3 Bb4 4. e3 0-0 5. Bd2 Re8 6. Bd3 d5 7. Nf3 Bf8 8. 0-0 c5 9. cxd5 exd5 10. dxc5 Bxc5 11. h3 Nc6 12. Rc1 Qe7 13. Bb5 Bd7 14. Ne2 Bb6 15. Bc3 Rad8 16. Ba4 Ne4 17. Bd4 Ng5 18. Nxg5 Qxg5 19. Bxb6 axb6 20. Kh1 Qh4 21. Kh2 Qf6 22. Rc3 d4 23. Nxd4 Nxd4 24. exd4 Bxa4 25. Qxa4 Qxd4 26. Qb3 Rd7 27. Rf3 g6 28. Rc1 Kg7 29. Rc4 Qe5+ 30. g3 Ree7 31. Rcf4 b5 32. h4 h5 33. a3 Qd5 34. Qxd5 Rxd5 35. Rf6 Rd2 36. b4 Red7 37. Rb6 R2d5 38. Kg2 Re5 39. Rc3 Red5 40. Rf3 Re5 41. Rc3 Red5 42. Rc5 Rd3 43. Rcxb5 Rxa3 44. Re5 Rc3 45. Re4 1/2-1/2

[Event "HUN-ch rapid"]
[Site "Ajka"]
[Date "2019.07.19"]
[Round "4"]
[White "Vertetics, Attila"]
[Black "Kiss, Pal"]
[Result "1-0"]
[WhiteElo "2438"]
[BlackElo "2278"]
[PlyCount "111"]
[EventDate "2019.07.19"]
[EventType "swiss (rapid)"]
[EventRounds "13"]
[EventCountry "HUN"]
[SourceTitle "CBM 191 Extra"]
[Source "ChessBase"]
[SourceDate "2019.09.30"]
[SourceVersion "1"]
[SourceVersionDate "2019.09.30"]
[SourceQuality "1"]

1. d4 d5 2. c4 c6 3. cxd5 cxd5 4. Bg5 Nc6 5. e3 Nf6 6. Bxf6 gxf6 7. Nc3 e6 8. Bd3 Bd6 9. Nge2 f5 10. Rc1 Bd7 11. g3 Rc8 12. Kf1 Na5 13. Nb5 Bb8 14. b3 a6 15. Nbc3 Bd6 16. Kg2 Nc6 17. Qd2 Ba3 18. Rcd1 Ne7 19. h4 Bb4 20. Qb2 Qa5 21. Nb1 Bb5 22. Nf4 Bd6 23. Bxb5+ Qxb5 24. Nd3 Qd7 25. Nc3 b5 26. Ne2 0-0 27. Nef4 Ng6 28. Nh5 f6 29. Rc1 Kf7 30. Qd2 Rxc1 31. Rxc1 Rc8 32. Kf1 Rc6 33. Ke2 Qc8 34. Nc5 Rc7 35. b4 Rc6 36. Qd3 Qf8 37. Qd1 Qc8 38. Qb3 Qf8 39. Kf1 Qh6 40. Qd1 Qf8 41. a4 Qb8 42. Ra1 Rc8 43. Nxa6 Qb6 44. Nc5 bxa4 45. Rxa4 Qb5+ 46. Kg2 Rc7 47. Qf1 Qxf1+ 48. Kxf1 Ne7 49. Ra6 Nc8 50. Ke2 Ra7 51. Rc6 Ra8 52. Nf4 Ra2+ 53. Kf3 e5 54. Nxd5 e4+ 55. Kg2 Rc2 56. Rxc8 1-0

[Event "HUN-ch rapid"]
[Site "Ajka"]
[Date "2018.07.22"]
[Round "11"]
[White "Egresi, Mate"]
[Black "Vertetics, Attila"]
[Result "0-1"]
[WhiteElo "2294"]
[BlackElo "2436"]
[PlyCount "66"]
[EventDate "2018.07.20"]
[EventType "swiss (rapid)"]
[EventRounds "13"]
[EventCountry "HUN"]
[SourceTitle "EXT 2019"]
[Source "ChessBase"]
[SourceDate "2018.10.10"]
[SourceVersion "1"]
[SourceVersionDate "2018.10.10"]
[SourceQuality "1"]

1. d4 Nf6 2. c4 e6 3. Nf3 Bb4+ 4. Bd2 Qe7 5. g3 0-0 6. Bg2 Bxd2+ 7. Qxd2 d6 8. Nc3 Re8 9. 0-0 e5 10. e4 Bg4 11. Ne1 Nc6 12. Nc2 Nxd4 13. Nxd4 exd4 14. Qxd4 Qe5 15. Qxe5 dxe5 16. Nd5 Rac8 17. Nxf6+ gxf6 18. f3 Be6 19. c5 Red8 20. Rfd1 b6 21. b4 bxc5 22. bxc5 Rb8 23. Rxd8+ Rxd8 24. Rb1 a5 25. Bf1 Bxa2 26. Rb7 Ra8 27. Rxc7 a4 28. c6 a3 29. Rb7 Be6 30. c7 Rc8 31. Ra7 a2 32. Bh3 Rxc7 33. Ra8+ Rc8 0-1

[Event "HUN-ch rapid"]
[Site "Ajka"]
[Date "2018.07.22"]
[Round "13"]
[White "Mihok, Oliver"]
[Black "Vertetics, Attila"]
[Result "1/2-1/2"]
[WhiteElo "2550"]
[BlackElo "2436"]
[PlyCount "84"]
[EventDate "2018.07.20"]
[EventType "swiss (rapid)"]
[EventRounds "13"]
[EventCountry "HUN"]
[SourceTitle "CBM 185 Extra"]
[Source "ChessBase"]
[SourceDate "2018.07.29"]
[SourceVersion "1"]
[SourceVersionDate "2018.07.29"]
[SourceQuality "1"]

1. e4 c6 2. Nc3 d5 3. Nf3 Bg4 4. h3 Bxf3 5. Qxf3 e6 6. d4 Nf6 7. Bd3 dxe4 8. Nxe4 Nxe4 9. Qxe4 Nd7 10. c3 Nf6 11. Qe2 Bd6 12. 0-0 Qc7 13. a4 Bh2+ 14. Kh1 Bf4 15. Bxf4 Qxf4 16. a5 0-0 17. g3 Qc7 18. Qe5 Rac8 19. Rfd1 Rfd8 20. Be2 Qe7 21. Bf3 Qc7 22. Qc5 Nd7 23. Qb4 Nf6 24. Kg2 Nd5 25. Qc5 a6 26. Ra3 Qe7 27. Rb3 Rd7 28. c4 Nf6 29. Qxe7 Rxe7 30. d5 exd5 31. cxd5 cxd5 32. Bxd5 Nxd5 33. Rxd5 g6 34. Rd2 Rc5 35. Rd8+ Kg7 36. Rb8 Rxa5 37. R8xb7 Rxb7 38. Rxb7 Ra2 39. Rb6 a5 40. h4 a4 41. Ra6 Rxb2 42. Rxa4 h5 1/2-1/2

[Event "HUN-ch rapid"]
[Site "Ajka"]
[Date "2018.07.21"]
[Round "9"]
[White "Galyas, Miklos"]
[Black "Vertetics, Attila"]
[Result "1/2-1/2"]
[WhiteElo "2517"]
[BlackElo "2436"]
[PlyCount "38"]
[EventDate "2018.07.20"]
[EventType "swiss (rapid)"]
[EventRounds "13"]
[EventCountry "HUN"]
[SourceTitle "CBM 185 Extra"]
[Source "ChessBase"]
[SourceDate "2018.07.29"]
[SourceVersion "1"]
[SourceVersionDate "2018.07.29"]
[SourceQuality "1"]

1. c4 c6 2. Nf3 d5 3. g3 Bg4 4. Bg2 e6 5. 0-0 Nd7 6. cxd5 cxd5 7. Qa4 Bxf3 8. Bxf3 Ne7 9. d4 Nc6 10. Nc3 Nb6 11. Qd1 Be7 12. e3 0-0 13. b3 Rc8 14. Bb2 a6 15. Qd2 Bd6 16. Rac1 Qe7 17. Ne2 Bb4 18. Bc3 Ba3 19. Bb2 Bb4 1/2-1/2

[Event "SVK-ch rapid"]
[Site "Velky Cetin"]
[Date "2018.04.28"]
[Round "8"]
[White "Pacher, Milan"]
[Black "Vertetics, Attila"]
[Result "1/2-1/2"]
[WhiteElo "2522"]
[BlackElo "2464"]
[PlyCount "164"]
[EventDate "2018.04.28"]
[EventType "swiss (rapid)"]
[EventRounds "9"]
[EventCountry "SVK"]
[SourceTitle "CBM 184 Extra"]
[Source "ChessBase"]
[SourceDate "2018.06.28"]
[SourceVersion "1"]
[SourceVersionDate "2018.06.28"]
[SourceQuality "1"]

1. e4 c6 2. d4 d5 3. Nc3 g6 4. h3 Bg7 5. Nf3 dxe4 6. Nxe4 Nd7 7. Bc4 Ngf6 8. Nxf6+ Nxf6 9. 0-0 0-0 10. c3 Bf5 11. Re1 Be4 12. Bf4 b5 13. Bb3 Bd5 14. Ne5 e6 15. a4 a5 16. Bc2 Nd7 17. b3 Nxe5 18. Bxe5 Qb6 19. Bxg7 Kxg7 20. Bd3 bxa4 21. bxa4 c5 22. Rb1 Qc7 23. c4 Bc6 24. d5 exd5 25. cxd5 Bxd5 26. Bxg6 hxg6 27. Qxd5 Rfd8 28. Rb7 Rxd5 29. Rxc7 Ra6 30. Ree7 Rf6 31. f3 Rd4 32. Re4 Rf5 33. Rxd4 cxd4 34. Kf2 d3 35. Ke3 Rd5 36. Rc1 Kf6 37. Rd1 Rc5 38. Rxd3 Rc2 39. g4 Ra2 40. Rd4 Ke6 41. Kf4 Ra3 42. h4 f6 43. Re4+ Kf7 44. Rc4 Ra1 45. g5 fxg5+ 46. hxg5 Ra3 47. Ke4 Ke7 48. f4 Kf7 49. Kd5 Ke7 50. Kc5 Rb3 51. Kc6 Rb4 52. Kd5 Rb3 53. Rc7+ Kf8 54. Ke5 Rb4 55. Ra7 Rxa4 56. f5 gxf5 57. Kf6 Ke8 58. g6 Rg4 59. Rxa5 f4 60. Re5+ Kf8 61. Re4 Rg1 62. Ra4 Ke8 63. g7 f3 64. Rf4 Rg3 65. Re4+ Kd7 66. Kf7 Kd6 67. g8Q Rxg8 68. Kxg8 Kd5 69. Rf4 Ke5 70. Rxf3 Ke4 71. Rf6 Ke5 72. Kg7 Kd5 73. Kf7 Ke5 74. Re6+ Kf5 75. Re1 Kf4 76. Kf6 Kg4 77. Ke5 Kf3 78. Rg1 Kf2 79. Rg5 Kf3 80. Kd4 Kf4 81. Rg8 Kf5 82. Rf8+ Ke6 1/2-1/2

[Event "HUN-chT2 Szechenyi 1718"]
[Site "Hungary"]
[Date "2017.12.17"]
[Round "4.1"]
[White "Bauer, Christian"]
[Black "Vertetics, Attila"]
[Result "1/2-1/2"]
[WhiteElo "2646"]
[BlackElo "2428"]
[PlyCount "140"]
[EventDate "2017.10.29"]
[EventType "team-tourn"]
[EventRounds "9"]
[EventCountry "HUN"]
[SourceTitle "EXT 2021"]
[Source "ChessBase"]
[SourceDate "2020.10.23"]
[SourceVersion "1"]
[SourceVersionDate "2020.10.23"]
[SourceQuality "1"]
[WhiteTeam "Ajka Banyasz"]
[BlackTeam "Gyor Elektromos"]
[WhiteTeamCountry "HUN"]
[BlackTeamCountry "HUN"]

1. e4 c6 2. d3 d5 3. Qe2 dxe4 4. dxe4 e5 5. Nf3 Qc7 6. Nbd2 Ne7 7. Nc4 Ng6 8. g3 f6 9. h4 h5 10. a4 b6 11. Be3 Bg4 12. Bg2 Nd7 13. 0-0 Rd8 14. Rfd1 Be7 15. Bd2 Kf7 16. Ne3 Be6 17. b4 Bf8 18. Be1 Ne7 19. a5 Nc8 20. c4 g6 21. Qc2 Bh6 22. Nf5 Bf8 23. axb6 axb6 24. Ra8 Qb7 25. Ra3 Kg8 26. Ne3 Kh7 27. Nh2 Qc7 28. Qe2 Bh6 29. Nhf1 Nd6 30. Rad3 Nb7 31. Qf3 Kg7 32. Bc3 Nb8 33. g4 Rxd3 34. Rxd3 Bf4 35. g5 fxg5 36. hxg5 Bxg5 37. Qg3 Bf6 38. Nf5+ Kh7 39. Nh4 Qg7 40. Nf3 Bxc4 41. Rd2 Re8 42. Ne3 Bg8 43. Ng5+ Kh8 44. Bf1 b5 45. Ng2 Nd7 46. Nh4 Nf8 47. Ngf3 Bh7 48. Ng5 Qe7 49. Nhf3 Bg8 50. Bh3 Kg7 51. Rd1 Nd6 52. Kh1 Nc4 53. Rg1 Rd8 54. Bf1 Rd1 55. Bxc4 Rxg1+ 56. Kxg1 Bxc4 57. Bxe5 Bxe5 58. Qxe5+ Qxe5 59. Nxe5 Kf6 60. f4 Ne6 61. Nxe6 Bxe6 62. Nxc6 g5 63. e5+ Kf5 64. Nd4+ Kxf4 65. Nxe6+ Kxe5 66. Nxg5 Kd4 67. Ne6+ Kc4 68. Nc7 Kxb4 69. Kh2 Kc4 70. Nxb5 Kxb5 1/2-1/2

[Event "HUN-chT2 Szechenyi 1718"]
[Site "Hungary"]
[Date "2017.10.29"]
[Round "1.1"]
[White "Vertetics, Attila"]
[Black "Szukics, Adam"]
[Result "1-0"]
[WhiteElo "2428"]
[BlackElo "2065"]
[PlyCount "97"]
[EventDate "2017.10.29"]
[EventType "team-tourn"]
[EventRounds "9"]
[EventCountry "HUN"]
[SourceTitle "EXT 2021"]
[Source "ChessBase"]
[SourceDate "2020.10.23"]
[SourceVersion "1"]
[SourceVersionDate "2020.10.23"]
[SourceQuality "1"]
[WhiteTeam "Gyor Elektromos"]
[BlackTeam "Haladas Szombathely III"]
[WhiteTeamCountry "HUN"]
[BlackTeamCountry "HUN"]

1. d4 d5 2. c4 e6 3. Nc3 Nf6 4. Bg5 Be7 5. e3 Nbd7 6. Nf3 0-0 7. Bd3 c6 8. 0-0 dxc4 9. Bxc4 b5 10. Bd3 Bb7 11. a3 a5 12. Rc1 Rc8 13. Bxf6 Bxf6 14. Qc2 g6 15. Rfd1 Qe7 16. Ne4 Rfd8 17. Nxf6+ Qxf6 18. Be4 Qe7 19. Nd2 a4 20. Bf3 e5 21. Ne4 f5 22. Nc5 Nxc5 23. Qxc5 Qxc5 24. Rxc5 exd4 25. Rxd4 Rxd4 26. exd4 Kg7 27. d5 cxd5 28. Rxc8 Bxc8 29. Bxd5 Bd7 30. f4 Kf6 31. Kf2 h6 32. Ke3 g5 33. g3 Ke7 34. Kd4 Kd6 35. Bf3 g4 36. Bg2 Be6 37. Bf1 Bd7 38. Bd3 h5 39. Bb1 Be6 40. Bc2 Bc8 41. Bd1 Bd7 42. b4 axb3 43. Bxb3 Bc8 44. Bf7 Bd7 45. Bxh5 Ke6 46. Kc5 Ke7 47. Kd5 Kf6 48. Kd6 Be6 49. Be8 1-0

[Event "Mosonmagyarovar op"]
[Site "Mosonmagyarovar"]
[Date "2017.09.28"]
[Round "1"]
[White "Giczi, Alexandra Laura"]
[Black "Vertetics, Attila"]
[Result "0-1"]
[WhiteElo "1529"]
[BlackElo "2428"]
[PlyCount "54"]
[EventDate "2017.09.28"]
[EventType "swiss"]
[EventRounds "7"]
[EventCountry "HUN"]
[SourceTitle "EXT 2019"]
[Source "ChessBase"]
[SourceDate "2018.10.10"]
[SourceVersion "1"]
[SourceVersionDate "2018.10.10"]
[SourceQuality "1"]

1. e4 c5 2. Nf3 a6 3. d4 cxd4 4. Nxd4 Nf6 5. Nc3 e5 6. Nf3 Bb4 7. Bd2 0-0 8. Bd3 d6 9. h3 h6 10. g4 Nc6 11. g5 hxg5 12. Bxg5 Re8 13. a3 Bxc3+ 14. bxc3 Be6 15. Qd2 d5 16. exd5 Bxd5 17. Bxf6 Qxf6 18. Bh7+ Kxh7 19. Qxd5 Qf4 20. Rg1 Rad8 21. Ng5+ Qxg5 22. Qe4+ f5 23. Rxg5 fxe4 24. Ke2 Rf8 25. Rag1 Rd7 26. R1g3 Rf4 27. a4 Rdf7 0-1

[Event "PRO League Stage"]
[Site "Chess.com INT"]
[Date "2017.02.22"]
[Round "7"]
[White "Grover, Sahaj"]
[Black "Vertetics, Attila"]
[Result "1-0"]
[WhiteElo "2467"]
[BlackElo "2416"]
[PlyCount "65"]
[EventDate "2017.01.11"]
[EventType "team-swiss (rapid)"]
[EventRounds "7"]
[EventCountry "USA"]
[SourceTitle "EXT 2018"]
[Source "ChessBase"]
[SourceDate "2017.10.13"]
[SourceVersion "1"]
[SourceVersionDate "2017.10.13"]
[SourceQuality "1"]
[WhiteTeam "Delhi Dynamite"]
[BlackTeam "Budapest Gambit"]
[WhiteTeamCountry "IND"]
[BlackTeamCountry "HUN"]

1. d4 Nf6 2. c4 c6 3. Nf3 d5 4. Qb3 Qb6 5. Nc3 Be6 6. c5 Qc7 7. Bf4 Qc8 8. g3 Nbd7 9. Bg2 h6 10. 0-0 g5 11. Bd2 Bg7 12. Qc2 Nf8 13. Ne5 Bf5 14. e4 dxe4 15. Qb3 Be6 16. Qc2 N8d7 17. f4 exf3 18. Nxf3 Nd5 19. Qd3 N7f6 20. Ne5 Bh3 21. Nxd5 Nxd5 22. Nxf7 Bxg2 23. Kxg2 0-0 24. Qg6 Nf4+ 25. Bxf4 Rxf7 26. Bxg5 Rxf1 27. Rxf1 Qg4 28. Rf7 Qxd4 29. Bxh6 Qd5+ 30. Rf3 Qe5 31. Bxg7 Qxg7 32. Qe6+ Kh8 33. Rf4 1-0